Normal view MARC view

Entry Nombre personal

Number of records used in: 1

001 - NÚMERO DE CONTROL

  • campo de control: 1006

003 - IDENTIFICADOR DE NÚMERO DE CONTROL

  • campo de control: DLC

005 - FECHA Y HORA DE LA ÚLTIMA TRANSACCIÓN

  • campo de control: 20260401101543.0

008 - ELEMENTOS DE DATO DE LONGITUD-FIJA

  • campo de control de longitud fija: 961120n| azannaabn |n aaa

010 ## - NÚMERO DE CONTROL DE LA BIBLIOTECA DEL CONGRESO

  • Número de control de LC: n 96112954
  • Número de control de LC cancelado o no válido: no2007133105

024 7# - IDENTIFICADOR DE OTROS ESTÁNDARES

  • Número estándar o código: Q274667
  • Fuente: wikidata

024 7# - IDENTIFICADOR DE OTROS ESTÁNDARES

  • Número estándar o código: http://www.wikidata.org/entity/Q274667
  • Fuente: uri

024 7# - IDENTIFICADOR DE OTROS ESTÁNDARES

  • Número estándar o código: FRBNF12521566
  • Fuente: bnfcg

024 7# - IDENTIFICADOR DE OTROS ESTÁNDARES

  • Número estándar o código: http://catalogue.bnf.fr/ark:/12148/cb125215668
  • Fuente: uri

024 7# - IDENTIFICADOR DE OTROS ESTÁNDARES

  • Número estándar o código: nm0008399
  • Fuente: imdb

035 ## - NÚMERO DE CONTROL DEL SISTEMA

  • Número de control de sistema: (OCoLC)oca04214213

040 ## - FUENTE DE CATALOGACIÓN

  • Centro catalogador/agencia de origen: DLC
  • Lengua de catalogación: eng
  • Normas de descripción: rda
  • Centro/agencia transcriptor: DLC
  • Centro/agencia modificador: DLC
  • Centro/agencia modificador: OCoLC
  • Centro/agencia modificador: CoDU
  • Centro/agencia modificador: DLC
  • Centro/agencia modificador: UPB
  • Centro/agencia modificador: WaU
  • Centro/agencia modificador: GEU

046 ## - FECHAS CON CODIFICACIÓN ESPECIAL

  • Fecha de nacimiento: 1969-01-27
  • Fuente del esquema de fecha: edtf

053 #0 - NÚMERO DE CLASIFICACIÓN LC

  • Número de clasificación–único número o número inicial del rango: PQ2661.B43

100 1# - ENCABEZAMIENTO-NOMBRE DE PERSONA

  • Nombre de persona: Abécassis, Éliette

368 ## - OTROS ATRIBUTOS DE PERSONA O ENTIDAD CORPORATIVA

  • Otra designación: French
  • Fuente: lcdgt

370 ## - LUGAR ASOCIADO

  • Lugar de nacimiento: Strasbourg (France)
  • País asociado: France
  • Fuente del término: naf

373 ## - GRUPO ASOCIADO

  • Grupo asociado: Université de Caen Normandie

374 ## - OCUPACIÓN

  • Ocupación: Authors
  • Ocupación: Philosophers
  • Ocupación: College teachers
  • Fuente del término: lcsh

374 ## - OCUPACIÓN

  • Ocupación: University and college faculty members
  • Ocupación: Philosophy teachers
  • Fuente del término: lcdgt

377 ## - IDIOMA ASOCIADO

  • Código del idioma: fre

670 ## - FUENTE DE DATOS ENCONTRADOS

  • Cita de la fuente: Qumran, c1996:
  • Información encontrada: t.p. (Eliette Abécassis) p. 4 of cover (27 yrs. old)

670 ## - FUENTE DE DATOS ENCONTRADOS

  • Cita de la fuente: Kadosh, 1999:
  • Información encontrada: title frame (Eliette Abecassis, screenplay)

670 ## - FUENTE DE DATOS ENCONTRADOS

  • Cita de la fuente: Internet movie database, Nov. 2, 2007
  • Información encontrada: (Eliette Abecassis; b. 27 Jan. 1969, Strasbourg, France; director, writer)

670 ## - FUENTE DE DATOS ENCONTRADOS

  • Cita de la fuente: Mère et fille, un roman, c2008:
  • Información encontrada: t.p. (Éliette Abécassis) cover (Eliette Abécassis)

670 ## - FUENTE DE DATOS ENCONTRADOS

  • Cita de la fuente: Philothérapie, 2016:
  • Información encontrada: title page (Éliette Abécassis)

670 ## - FUENTE DE DATOS ENCONTRADOS

  • Cita de la fuente: Wikipedia, March 8, 2018
  • Información encontrada: (Éliette Abécassis; born January 27, 1969; French writer of Moroccan-Jewish descent; she is a professor of philosophy at the University of Caen Normandy; born in Strasbourg)

670 ## - FUENTE DE DATOS ENCONTRADOS

  • Cita de la fuente: BnF catalogue général, viewed March 8, 2018
  • Información encontrada: (Abécassis, Éliette (1969-....); country: France; language: French; sex: female; author; born 1969-01-27)

670 ## - FUENTE DE DATOS ENCONTRADOS

  • Cita de la fuente: Éliette Abécassis website, March 8, 2018:
  • Información encontrada: home page (Eliette Abécassis; Éliette Abécassis) biographie (writer and French philosopher, born in Strasbourg)
  • Identificador Uniforme de Recurso: https://eliette-abecassis.com/